[Censo electoral de la provincia de Tarragona] : renovación total del Censo electoral, ordenada por Real decreto de 4 de mayo de 1930 / Servicio General de Estadística renovación total del Censo electoral, ordenada por Real decreto de 4 de mayo de 1930 / Servicio General de Estadística
Descripción Física:
2 v. : taules ; 30 cm
Materias:
Tarragona (Província) -- Censos
MARC
| LEADER | 00000nam a2200000Ia 4500 | ||
|---|---|---|---|
| 001 | 21859, 21860 | ||
| 008 | 160829s1930 xx 000 0 cat d | ||
| 080 | |a FOL-3-66, FOL-3-67 | ||
| 100 | |a Servicio General de Estadística (Espanya) |9 47961 | ||
| 245 | |a [Censo electoral de la provincia de Tarragona] : |b renovación total del Censo electoral, ordenada por Real decreto de 4 de mayo de 1930 / Servicio General de Estadística | ||
| 260 | |a Tarragona : |b el Servicio, |c 1930 | ||
| 300 | |a 2 v. : |b taules ; |c 30 cm | ||
| 590 | |a Conté: v. 1: Aiguamurcia - Renau; v. 2: Reus - Viñols. | ||
| 590 | |a Prové de 3712 | ||
| 650 | |a Tarragona (Província) |x Censos |9 47962 | ||
| 901 | |a Arxiu | ||
| 942 | |n 1 | ||
| 952 | |0 0 |1 0 |4 0 |6 FOL366_FOL367 |7 1 |9 54236 |a Arxiu |b Arxiu |d 2016-12-01 |l 0 |o FOL-3-66, FOL-3-67 |p 21859, 21860 |r 2016-12-01 00:00:00 |w 2016-12-01 |y ARXIU | ||
| 999 | |c 58105 |d 58105 | ||